=LDR 00000nam 2200000 4500 =001 INLIS000000000004330 =005 20250707025859 =035 ##$$a 0010-0725000141 =007 ta =008 250707################f##########0#ind## =082 ##$$a 304.66 =084 ##$$a 304.66 BKK l =245 1#$$a Laporan Rapat Kerja Daerah Gerakan Keluarga Berencana Nasional Propinsi Bali Tahun 1991 : $b Buku I /$c BKKBN Propinsi Bali =260 ##$$a Denpasar :$b BKKBN Propinsi Bali,$c 1991 =300 ##$$a 166 hlm. : $b ilus. =650 #4$$a Keluarga Berencana =110 2#$$a BKKBN Propinsi Bali =651 #4$$a Propinsi Bali